Mustafa Kemal Atatürk'ün Eskişehir-İzmit konuşmaları 1923 / (Record no. 14461)

MARC details
000 -BAŞLIK
Sabit Uzunlukta Kontrol Alanı 00863nam a22002297a 4500
999 ## - SİSTEM KONTROL NUMARALARI (KOHA)
Koha Biblionumber 14461
Koha Biblioitemnumber 14461
003 - KONTROL NUMARASI IDENTIFIER
Denetim Alanı MIRAKIL
005 - SON İŞLEM TARİHİ VE ZAMANI
Denetim Alanı 20210803144448.0
008 - SABİT-BOY VERİ ELEMANLARI - GENEL BİLGİLER
Sabit Uzunlukta Kontrol Alanı 210803b tu ||||| |||| 00| 0 tur d
040 ## - KATALOGLAMA KAYNAK
Orijinal Kataloglama Ajansı TR-AnCHP
Kataloglama Dili tur
Metne Dönüştürmek Ajansı TR-AnCHP
041 ## - DİL KODU
Metin / Ses Parça Veya Ayrı Başlığın Dil Kodu tur
082 ## - DEWEY ONLU SINIFLANDIRMA NUMARASI
Sınıflandırma Numarası 915
Ürün Numarası M87 1993
245 ## - BAŞLIK TABLOSU
Başlık Mustafa Kemal Atatürk'ün Eskişehir-İzmit konuşmaları 1923 /
260 ## - YAYIN, DAĞITIM, VB
Yayın, Dağıtım, Vb Yeri İstanbul:
Yayıncı, Dağıtıcı, Vs Adı Kaynak Yayınları,
Yayın, Dağıtım, Vb Tarihi 1993.
300 ## - FİZİKSEL TANIM
Kapsam 249 s.:
Boyutlar 21 sm.
490 ## - SERİSİ TABLOSU
Seri Beyanı Kaynak Yayınları;
Hacim / Ardışık Tanımı 136.
600 ## - KONU KATMA GİRİŞ - KURUMSAL ADI
Kişisel Ad Atatürk, Mustafa Kemal
Bir Adıyla İlişkilendirilen Tarihler 1881-1938
Genel Alt Bölümü Siyasal ve sosyal görüşler
Coğrafi Alt Bölümü Eskişehir
600 ## - KONU KATMA GİRİŞ - KURUMSAL ADI
Kişisel Ad Atatürk, Mustafa Kemal
Bir Adıyla İlişkilendirilen Tarihler 1881-1938
Genel Alt Bölümü Siyasal ve sosyal görüşler
Coğrafi Alt Bölümü İzmit
651 ## - KONU KATMA GİRİŞ - COĞRAFİ ADI
Coğrafi İsim Türkiye
Genel Alt Bölümü Siyaset ve yönetim
Kronolojik Alt Bölümü 1919-1923
651 ## - KONU KATMA GİRİŞ - COĞRAFİ ADI
Coğrafi İsim Türkiye
Genel Alt Bölümü Siyasal tarih
856 ## - ELEKTRONİK YER VE ERİŞİM
Kamu Notu Dijital Nüshası için Partimizin Kütüphane Sorumlusu ile iletişime geçiniz.
942 ## - EKLENDİ GİRİŞ ELEMANLARI (KOHA)
Koha Öğesi Türü Books
Sınıflandırma Veya Raf Düzeni Kaynak Dewey Decimal Classification
Holdings
Kalıcı Konum Mevcut Konum Edinme Tarihi Toplam Check-Out'Lar Tam Çağrı Numarası Barkod Tarih Son Görülme İtibaren Geçerli Fiyatlar Sigara Kamu Notu Koha Öğesi Türü
Parti Okulu Kütüphanesi Parti Okulu Kütüphanesi 08/03/2021   915 M87 1993 P00820 08/03/2021 08/03/2021 Emin Değer Bağışıdır. Books